ბათუმის შოთა რუსთაველის სახელმწიფო უნივერსიტეტის ბიბლიოთეკა

მევენახეობა აჭარაში (ბიბ.ჩანაწერი № 44587)

000 -LEADER
fixed length control field 00655nam a2200217Ia 4500
001 - CONTROL NUMBER
control field 11390
003 - CONTROL NUMBER IDENTIFIER
control field GE_BSU
008 - FIXED-LENGTH DATA ELEMENTS--GENERAL INFORMATION
fixed length control field 181216s||||||||xx |||||||||||||| ||und||
040 ## - CATALOGING SOURCE
Transcribing agency GE_BSU
080 ## - UNIVERSAL DECIMAL CLASSIFICATION NUMBER
Universal Decimal Classification number 634.8(479.223)
100 ## - MAIN ENTRY--PERSONAL NAME
Personal name ნუცუბიძე მ.
245 ## - TITLE STATEMENT
Title მევენახეობა აჭარაში
245 ## - TITLE STATEMENT
Statement of responsibility, etc. რედ: პ. ბიბილაშვილი
260 ## - PUBLICATION, DISTRIBUTION, ETC.
Place of publication, distribution, etc. ბათუმი.
260 ## - PUBLICATION, DISTRIBUTION, ETC.
Name of publisher, distributor, etc. საბჭოთა აჭარა.
260 ## - PUBLICATION, DISTRIBUTION, ETC.
Date of publication, distribution, etc. 1976
300 ## - PHYSICAL DESCRIPTION
Extent 77გვ.21სმ.
300 ## - PHYSICAL DESCRIPTION
Accompanying material ილ.ცხრ.
653 ## - INDEX TERM--UNCONTROLLED
Uncontrolled term მევენახეობა აჭარაში
942 ## - ADDED ENTRY ELEMENTS (KOHA)
Koha item type წიგნი
ეგზემპლარები
Withdrawn status Lost status Damaged status Not for loan Date acquired Barcode Date last seen Price effective from Koha item type
        2018-12-17 19980 2018-12-17 2018-12-17 წიგნი
        2018-12-17 19981 2018-12-17 2018-12-17 წიგნი
        2018-12-17 19982 2018-12-17 2018-12-17 წიგნი
        2018-12-17 19983 2018-12-17 2018-12-17 წიგნი